000 00700nam a2200277 i 4500
001 C2-0006047
003 PPAK
005 20190630221841.0
008 970122s1991 my |||| ||||| | may d
020 _a9836218998
040 _aPPAK
_beng
_cPPAK
_erda
082 0 4 _a800
_223
090 0 0 _a800
_bBEE
_dG
090 0 0 _a800
_bBEE
_dKIH
090 0 0 _a800
_bBEE
_dKMI
090 0 0 _a800
_bBEE
_dKSA
100 1 _aBeer, Gillian,
_eauthor
245 1 0 _aRoman
264 1 _aKuala Lumpur :
_bDewan Bahasa dan Pustaka ,
_c1991
300 _a120 pages ;
_c18 cm
336 _2rdacontent
_atext
337 _2rdamedia
_aunmediated
338 _2rdacarrier
_avolume
650 1 0 _aLiterature
942 _ddc
_cB
999 _c1822
_d1822